Κατάλογος Βιβλιοθηκών Mediterranean College

Τα Ποσειδώνια και η Ελληνική Ναυτιλία Δίνουν Αναπτυξιακή Ώθηση στη Χώρα (Record no. 9569)

MARC details
000 -LEADER
fixed length control field 01883cam a22001814a 4500
005 - ΗΜΕΡΟΜΗΝΙΑ ΚΑΙ ΩΡΑ ΤΕΛΕΥΤΑΙΑΣ ΕΝΗΜΕΡΩΣΗΣ
Πεδίο ελέγχου 20250605164403.0
008 - FIXED-LENGTH DATA ELEMENTS--GENERAL INFORMATION
Πεδίο ελέγχου σταθερού μήκους 250528s ||||||||||||||||||||||||d
035 ## - SYSTEM CONTROL NUMBER
System control number 24703
040 ## - ΠΗΓΗ ΚΑΤΑΛΟΓΟΓΡΑΦΗΣΗΣ
Φορέας πρωτότυπης καταλογογράφησης MC Athens Campus Library
Γλώσσα καταλογογράφησης Ελληνικά, Μοντέρνα (1453-)
Modifying agency MC Athens Campus Library
Κανόνες περιγραφικής καταλογογράφησης AACR2
245 1# - ΤΙΤΛΟΣ ΚΑΙ ΔΗΛΩΣΗ ΥΠΕΥΘΥΝΟΤΗΤΑΣ
Τίτλος Τα Ποσειδώνια και η Ελληνική Ναυτιλία Δίνουν Αναπτυξιακή Ώθηση στη Χώρα
260 ## - PUBLICATION, DISTRIBUTION, ETC.
Name of publisher, distributor, etc. Δελτίον Διοικήσεως Επιχειρήσεων,
Date of publication, distribution, etc. 2022
300 ## - PHYSICAL DESCRIPTION
Extent 112
520 ## - SUMMARY, ETC.
Summary, etc. Η Επιστροφή του Μάρκετινγκ στα Παραδοσιακά Μέσα, Φιλόδοξοι Στόχοι και Φιλόδοξες Πολιτικές, Βιομηχανία: Ο Προστατευτισμός Αποτελεί Αδιέξοδο και η Κλιματική Ουδετερότητα το Κλειδί για την Ευρώπη, Η Επιστροφή της Κορυφαίας Ναυτιλιακής Έκθεσης, Εκλογή Νέου Διοικητικού Συμβουλίου για την Προσεχή Τριετία, Το Σήμερα και το Αύριο της Ελληνικής Ναυτιλίας, 40 Χρόνια Δράση για την Υγεία των Θαλασσών, 3+1 Προτάσεις για την Ενεργειακή Κρίση, Έρχονται τα Ρομπότ και για τους Μικρομεσαίους, Ιστορικό Ρεκόρ για τις Ελληνικές Εξαγωγές το 2021 στα 39,89 δις Ευρώ, Διαδικτυακή Εκδήλωση 'Ασφάλιση' η Απάντηση στην Ανασφάλεια των Καιρών, Τα Νεα των Βιομηχανικών και Εμπορικών Επιχειρήσεων.
700 1# - ΠΡΟΣΘΕΤΗ ΑΝΑΓΡΑΦΗ--ΦΥΣΙΚΟ ΠΡΟΣΩΠΟ
Personal name Παπαμιχαλάκης, Κωνσταντίνος Ι
9 (RLIN) 9496
942 ## - ADDED ENTRY ELEMENTS (KOHA)
Koha item type Περιοδικά Δημοσιεύματα
Holdings
Τύπος τεκμηρίου Βιβλιοθήκη Τρέχουσα τοποθεσία Barcode Ημερομηνία απόκτησης Ταξιθετικό σύμβολο Αριθμός αντιτύπου Κατάσταση απόσυρσης Κατάσταση χαμένου Κατάσταση κατεστραμμένου Μη δανεισμός Σύνολο δανεισμών Ημερομηνία τελευταίας εμφάνισης Η τιμή ισχύει από
Περιοδικά Δημοσιεύματα MC Athens Campus Library MC Athens Campus Library 9780000095688 05/06/2025 ΔΕΛΤΙΟΝ ΔΙΟΙΚΗΣΗ ΕΠΙΧΕΙΡΗΣΕΩΝ 1           05/06/2025 05/06/2025

MC Athens Campus Library
Πατησίων 94 & Κοδριγκτώνος 13, 104 34
Πελλήνης 8 & Πατησίων 107, 112 51
Τ: +30 210 8899600

MC Thessaloniki Campus Library
Ίωνος Δραγούμη 21, 54625 | Ίωνος Δραγούμη 15, 54625
Τ: +30 2310 287779 – Τ: +30 2314 440300